Discurso del método para bien conducir la razón y buscar la verdad en las ciencias /
| Autor principal: | |
|---|---|
| Otros Autores: | |
| Formato: | Electrónico eBook |
| Lenguaje: | español francés latín |
| Publicado: |
Madrid :
Editorial Trotta,
[2018]
|
| Colección: | Colección Torre del aire.
|
| Materias: | |
| Acceso en línea: | Digitalia Hispánica |
MARC
| LEADER | 00000nam a2200000Ii 4500 | ||
|---|---|---|---|
| 001 | DIGTRO0057 | ||
| 003 | NyNyDIG | ||
| 007 | cr ||||||||||| | ||
| 008 | 210828s2018 sp ob 001 0 spa d | ||
| 006 | m o d | ||
| 035 | |a (OCoLC)1282639985 | ||
| 040 | |a DGITA |b eng |e rda |e pn |c DGITA | ||
| 020 | |a 9788498799002 |q eBook | ||
| 020 | |z 9788498796483 | ||
| 041 | 1 | |a spa |a fre |a lat |h fre | |
| 050 | 1 | 4 | |a B1848.S6 ebook |
| 082 | 1 | 4 | |a 194 |
| 100 | 1 | |a Descartes, René, |d 1596-1650, |e author. | |
| 245 | 1 | 0 | |a Discurso del método para bien conducir la razón y buscar la verdad en las ciencias / |c René Descartes ; edición y traducción de Pedro Lomba. |
| 264 | 1 | |a Madrid : |b Editorial Trotta, |c [2018] | |
| 300 | |a 1 online resource. | ||
| 336 | |a text |b txt |2 rdacontent | ||
| 337 | |a computer |b c |2 rdamedia | ||
| 338 | |a online resource |b cr |2 rdacarrier | ||
| 347 | |a text file |2 rdaft | ||
| 347 | |b PDF | ||
| 490 | 1 | |a Colección Torre del aire | |
| 504 | |a Includes bibliographical references and index. | ||
| 546 | |a Text in Spanish, French and Latin. | ||
| 588 | 0 | |a Online resource; title from PDF title page (Digitalia, viewed August 28, 2021) | |
| 650 | 0 | |a Science |x Methodology. | |
| 650 | 0 | |a Methodology. | |
| 650 | 0 | |a First philosophy. | |
| 655 | 0 | |a Electronic books. | |
| 700 | 1 | |a Lomba Falcón, Pedro, |e translator. | |
| 700 | 1 | 2 | |i Container of (work): |a Descartes, René, |d 1596-1650. |t Discours de la méthode. |
| 700 | 1 | 2 | |i Container of (expression): |a Descartes, René, |d 1596-1650. |t Discours de la méthode. |l Spanish |s (Lomba Falcón) |
| 791 | 2 | |a Digitalia (Firm), |e distributor. | |
| 793 | 0 | |g Digitalia eBook Collection: |a Trotta Editorial | |
| 776 | 0 | 8 | |i Print version: |a Descartes, René, 1596-1650. |t Discurso del método para bien conducir la razón y buscar la verdad en las ciencias. |d Madrid : Editorial Trotta, [2018] |z 9788498796483 |
| 830 | 0 | |a Colección Torre del aire. | |
| 856 | 4 | 0 | |3 Digitalia Hispánica |u https://www.digitaliapublishing.com/a/67367/ |
| 910 | |a Premium collection: 2021 | ||


